Szczegóły MARC21

Wenn du geredet hättest, Desdemona : ungehaltene Reden ungehaltener Frauen /

003 -Nazwa inst., której nr kontr. jest w polu 001 [,]
    • @
    • Nazwa instytucji, której n kontrolny jest w polu 001
    • NUKAT
005 -DATA I CZAS OSTATNIEJ MODYFIKACJI [,]
    • @
    • pole kontrolne
    • 20241231103335.0
020 -Międzynarod. znormalizowany nr książki - ISBN [ , ]
    • a
    • Numer ISBN
    • 3455003664 Find
040 -Instytucja sporządzająca opis [ , ]
    • a
    • Instytucja, która sporządziła opis (NP)
    • WR U/as
    • c
    • Instytucja, która sporządziła rekord (NP)
    • WR U/as
    • d
    • Instytucja, która zmodyfikowała rekord (P)
    • WR U/dl
    • d
    • Instytucja, która zmodyfikowała rekord (P)
    • WR U/BKs
942 -Rodzaj dokumentu [ , ]
    • c
    • Rodzaj dokumentu
    • Książka
100 -Hasło główne - nazwa osobowa [1, ]
    • a
    • Nazwa osobowa (NP)
    • Brückner, Christine
    • d
    • Daty biograficzne (NP)
    • (1921-1996).
    • 9
    • KHW
    • 231131
245 -Strefa tytułu i oznaczenia odpowiedzialności [1,0]
    • a
    • Tytuł
    • Wenn du geredet hättest, Desdemona : Find
    • b
    • Ciąg dalszy tytułu (NP)
    • ungehaltene Reden ungehaltener Frauen / Find
    • c
    • Pozostałe elementy strefy tytułu i oznaczenia odpowiedzialności (NP)
    • Christine Brückner ; mit Zeichn. von Horst Janssen.
250 -Strefa wydania [ , ]
    • a
    • Oznaczenie wydania (NP)
    • 12. Aufl., 251.-270 Tausend.
260 -Strefa adresu wydawniczego [ , ]
    • a
    • Miejsce wydania (P)
    • Hamburg :
    • b
    • Nazwa wydawcy (P)
    • Hoffmann und Campe Verlag,
    • c
    • Data wydania (P)
    • 1985.
300 -Strefa opisu fizycznego [ , ]
    • a
    • Określenie formy książki i/lub objętość (NP)
    • 168 s. :
    • b
    • Oznaczenie ilustracji (NP)
    • il. ;
    • c
    • Format (NP)
    • 20 cm.
336 -Typ zawartości [ , ]
    • a
    • Termin opisujący typ zawartości
    • Tekst
    • b
    • Kod określający zawartość
    • txt
    • 2
    • Źródło (terminu i kodu)
    • rdacontent
337 -Typ mediów [ , ]
    • a
    • Tryb odtwarzania
    • Bez urządzenia pośredniczącego
    • b
    • Kod typu mediów
    • n
    • 2
    • Źródło (terminu i kodu)
    • rdamedia
338 -Typ/rodzaj nośnika [ , ]
    • a
    • Hasło opisujące typ nośnika
    • Wolumin
    • b
    • Kod typu nośnika
    • nc
    • 2
    • Źródło (terminu i kodu)
    • rdacarrier
080 -Uniwersalna Klasyfikacja Dziesiętna [ , ]
    • a
    • Symbol klasyfikacji
    • 830-92(02.025.2)=30
650 -Hasło przedmiotowe [ ,7]
    • a
    • Hasło przedmiotowe
    • Kobiety
    • v
    • Określnik formalny
    • nowele.
    • 2
    • Źródło terminu
    • kaba
    • 9
    • KHW
    • 396576
650 -Hasło przedmiotowe [ ,7]
    • a
    • Hasło przedmiotowe
    • Postacie literackie
    • v
    • Określnik formalny
    • nowele.
    • 2
    • Źródło terminu
    • kaba
    • 9
    • KHW
    • 593126
650 -Hasło przedmiotowe [ ,7]
    • a
    • Hasło przedmiotowe
    • Relacje mężczyźni-kobiety
    • v
    • Określnik formalny
    • nowele.
    • 2
    • Źródło terminu
    • kaba
    • 9
    • KHW
    • 593125
650 -Hasło przedmiotowe [ ,7]
    • a
    • Hasło przedmiotowe
    • Sławni ludzie
    • x
    • Określnik rzeczowy
    • współmałżonkowie
    • v
    • Określnik formalny
    • nowele.
    • 2
    • Źródło terminu
    • kaba
    • 9
    • KHW
    • 593127
655 -Hasło w funkcji tematu formalnego [ ,7]
    • a
    • Hasło
    • Nowele niemieckie
    • y
    • Określnik chronologiczny
    • 1970-1990.
    • 2
    • Źródło terminu
    • kaba
    • 9
    • KHW
    • 371695
655 -Hasło w funkcji tematu formalnego [ ,7]
    • a
    • Hasło
    • Monologi niemieckie
    • y
    • Określnik chronologiczny
    • 1970-1990.
    • 2
    • Źródło terminu
    • kaba
    • 9
    • KHW
    • 498878
980 -Symbol UKD [ , ]
    • a
    • UKD
    • 830-92(02.025.2)=30
700 -Hasło dodatkowe - nazwa osobowa [1, ]
    • a
    • Nazwa osobowa (NP)
    • Janssen, Horst Find
    • d
    • Daty biograficzne (NP)
    • (1929-1995).
    • e
    • Określenie rodzaju współpracy
    • Il.
    • 9
    • KHW
    • 238667
920 -ISBN [ , ]
    • a
    • ISBN
    • 3-455-00366-4 Find
Data inwentaryzacji Lokalizacja Status udost. Numer inwentarzowy Sygnatura
1995-10-06BM-3G.11090Germ. Literatura niemiecka